Word Ladder #1 - Statistics

General Stats
  • This quiz has been taken 73 times
  • The average score is 9 of 10
Answer Stats
Hint Answer % Correct
Animals known for their udders cows
95%
Not a plate bowl
89%
Has a food court mall
86%
Comes from clue #1 milk
85%
Smooth as ___ silk
85%
Beach __ ball
83%
Curtsies (or) bows
83%
Turns wheat into flour mill
83%
Window ___ sill
83%
Cry bawl
78%
No matching quizzes found
Score Distribution
Percent of People with Each Score
Percentile by Number Answered
Your Score History
You have not taken this quiz